Tanzanian places - sudden death - Statistics

General Stats
  • This quiz has been taken 139 times
  • The average score is 13 of 25
Answers on the Grid
Answers color-coded by a green-red scale on the quiz's grid according to % correct below.
Zanzibar
Casablanca
Dodoma
Lake Tanganyika
Pretoria
San Luis Potosí
Mykolaiv
Lake Superior
Mount Kilimanjaro
Chongming Island
Al Hudaydah
Ulm Minster
The Serengeti
Ngorongoro Crater
Mpanda
Fredrikstad
Shishapangma
Philadelphia City Hall
Crook of Baldoon
Laetoli site
Arusha
Great Rift Valley
229762 Gǃkúnǁʼhòmdímà
A Portuguese battle site
Riverside Stadium
Olduvai Gorge
Az Zubayr
Lake Victoria
Millstreet
Kagera River
Much Wenlock
Thiès
Dar es Salaam
Mwanza
Lake Nyasa (Lake Malawi)
Shizuoka
Nyíregyháza
Mbeya
Morogoro
Moshi
Tabora
Kaluga
Chiclayo
Kahama
Mount Meru
Ol Doinyo Lengai
Nyerere National Park
Suwon
 
Answer Stats
Answer % Correct
Zanzibar
97%
Mount Kilimanjaro
87%
Dodoma
86%
Lake Tanganyika
83%
Dar es Salaam
77%
The Serengeti
71%
Lake Victoria
65%
The world's biggest intact volcanic caldera Ngorongoro Crater
61%
Among the world's biggest, at over 20,000 square km Nyerere National Park
58%
Lake Nyasa (Lake Malawi)
55%
Mwanza
54%
Great Rift Valley
53%
Arusha
51%
Mpanda
48%
Mbeya
46%
Morogoro
42%
The Nile's longest tributary Kagera River
39%
Moshi
37%
Mount Meru
37%
Important site of 1.9m year-old pre-human remains Olduvai Gorge
28%
Omani Arabs defeated them at Zanzibar in 1698 A Portuguese battle site
22%
Tabora
22%
Ol Doinyo Lengai
21%
Kahama
18%
Site of Lucy (oldest hominid footprint at 3.7m years old) Laetoli site
16%
No matching quizzes found
Score Distribution
Percent of People with Each Score
Percentile by Number Answered
Your Score History
You have not taken this quiz